Konštrukcia zovšeobecnených lineárnych regresných modelov v jazyku R
Riziko v poistení. Zovšeobecnené lineárne modely (GLM) pri riadení poistného rizika, ktoré sa používajú na predikciu poistných plnení, technických rezerv, storna v poistných portfóliách, počtu úmrtí v oblasti zdravotných rizík a pod. Pre konštrukciu GLM sa používa ľahko dostupný softvér - jazyk R. A...
Guardado en:
| Autor principal: | |
|---|---|
| Formato: | Capítulo de libro |
| Lenguaje: | eslovaco |
| Materias: | |
| Etiquetas: |
Sin Etiquetas, Sea el primero en etiquetar este registro!
|
MARC
| LEADER | 00000nla a2200000 4500 | ||
|---|---|---|---|
| 001 | 0234229 | ||
| 005 | 20240502083624.3 | ||
| 041 | 0 | |a slo | |
| 044 | |a CZ | ||
| 245 | 1 | 0 | |a Konštrukcia zovšeobecnených lineárnych regresných modelov v jazyku R |c Michal Páleš |
| 520 | |a Riziko v poistení. Zovšeobecnené lineárne modely (GLM) pri riadení poistného rizika, ktoré sa používajú na predikciu poistných plnení, technických rezerv, storna v poistných portfóliách, počtu úmrtí v oblasti zdravotných rizík a pod. Pre konštrukciu GLM sa používa ľahko dostupný softvér - jazyk R. Aplikácie regresných modelov v jazyku R. | ||
| 610 | 2 | 0 | |a poisťovníctvo |
| 610 | 2 | 0 | |a riziko poistné |
| 610 | 2 | 0 | |a modelovanie lineárne |
| 610 | 2 | 0 | |a modely regresné |
| 610 | 2 | 0 | |a softvér |
| 610 | 2 | 0 | |a jazyky programovacie |
| 100 | 1 | |a Páleš, Michal, 1984- | |